000 00384nam a2200157 4500
008 190521s1964||||xo d
100 1 _aPál Imre
_91113
245 1 0 _aDeskriptívna geometria videná priestorove
_bCesta do života
260 _bSVTL
_c1964
_aBratislava
020 _c0
250 _a1.vydanie
300 _a195s.
041 1 _aslo
044 _axo
_cSK
958 _aA
999 _c22408
_d22408